000 00537nam a2200157Ia 4500
008 170221s9999 xx 000 0 und d
100 _aNing Du
245 _aThreshold Selection for TOA Estimation Based on Skewness and Kurtosis in 60GHz Ranging System
245 _cNing Du, Hao Zhang, Tingting Lv, and T. Aaron Gulliver
260 _bJournal of Communications
260 _c2014
300 _a4 :
650 _xCommunication
650 _xMedia Arts
856 _uhttp://www.jocm.us/index.php?m=content&c=index&a=lists&catid=161
999 _c308810
_d308810